000 00690nam a2200265Ia 4500
005 20260302115639.0
008 008 260114s9999 xx 000 0 eng d
020 _a9798400617621
037 _aTextbook
040 _aCRL
040 _beng
040 _cCRL
041 _2eng
041 _aeng
084 _qCRL
100 _aDavid Grote
_91122225
245 4 _aThe Best Actors in the World Shakespeare and His Acting Company
260 _bBloomsbury
260 _bPraeger
260 _c2002
650 _aLiterary Studies
856 _uhttps://doi.org/10.5040/9798400617621?locatt=label:secondary_bloomsburyCollections
942 _cEBOOK
999 _c1686978
_d1686978